| 000 | 00553nam a2200205Ia 4500 | ||
|---|---|---|---|
| 005 | 20140402135402.0 | ||
| 008 | 140130s9999 xx 000 0 und d | ||
| 020 | _a0439250773 | ||
| 050 |
_aPQ 7079.2 _b.Ad32 2000 |
||
| 100 |
_aAda, Alma Flor _924898 |
||
| 245 |
_cAlma Flor Ada. _aGathering the sun : _ban alphabet in Spanish and English / |
||
| 260 |
_bScholastic, _c2000. _aUSA : |
||
| 300 |
_a38 p. : _bcol. ill. ; _c28 cm. |
||
| 440 |
_v1 _930974 |
||
| 521 | _aG3 | ||
| 526 | _c590 | ||
| 942 |
_cBK _2lcc |
||
| 999 |
_c40725 _d40725 |
||